000 00592nam a22001457a 4500
020 _a0-19-275247-2
082 _a823
_bDIL/A
100 _aPIELICHATY , HEL;ENA
245 _aSTARRING SAMMIE
260 _aUK
_bUNIVERSITY PRESS
_c2003
300 _a112
520 _aSammie's only comfort comes from the Avenue Z Club where things are not only normal, but fun. She goes there in the afternoons after school and helps her new friend Sam run the candy store. Only now she's worried that, because of her big lie, she might lose the right to go to the club.
650 _aSHORT STORY
942 _cBK
999 _c6400
_d6400